[Event "Deutsche Ländermeisterschaft 2016"]
[Site "Hannover GER"]
[Date "2016.10.05"]
[Round "7"]
[White "Keymer, Vincent"]
[Black "Keller, Peter"]
[Result "1-0"]
[Termination "normal"]
[Board "3.2"]
[BlackTitle "FM"]
[WhiteElo "2402"]
[BlackElo "2240"]
[WhiteClock "00:39:26"]
[BlackClock "00:25:39"]
[WhiteTeam "Rheinland-Pfalz"]
[BlackTeam "Hessen"]
[PlyCount "107"]
[WhiteFideId "12940690"]
[BlackFideId "1272105"]
[EventCountry "GER"]
[EventRounds "7"]
[EventType "team-swiss"]
[EventDate "2016.09.30"]

1. d4 {[%clk 1:30:59]} d5 {[%clk 1:30:53]} 2. c4 {[%clk 1:31:26]} c6 {[%clk
1:31:19]} 3. Nf3 {[%clk 1:31:50]} Nf6 {[%clk 1:31:41]} 4. Nc3 {[%clk 1:32:16]}
dxc4 {[%clk 1:32:06]} 5. a4 {[%clk 1:32:43]} Bf5 {[%clk 1:32:28]} 6. e3 {[%clk
1:33:10]} e6 {[%clk 1:32:52]} 7. Bxc4 {[%clk 1:33:37]} Bb4 {[%clk 1:33:15]} 8.
O-O {[%clk 1:34:03]} O-O {[%clk 1:33:38]} 9. Nh4 {[%clk 1:34:31]} Nbd7 {[%clk
1:33:04]} 10. h3 {[%clk 1:34:53]} Qa5 {[%clk 1:24:37]} 11. Nxf5 {[%clk
1:33:10]} exf5 {[%clk 1:24:56]} 12. Bd2 {[%clk 1:33:10]} Rad8 {[%clk 1:18:47]}
13. Qc2 {[%clk 1:32:54]} g6 {[%clk 1:18:43]} 14. Rfd1 {[%clk 1:25:20]} c5
{[%clk 1:15:13]} 15. Be2 {[%clk 1:22:00]} Nb6 {[%clk 1:13:07]} 16. Bf3 {[%clk
1:18:45]} Rd7 {[%clk 1:10:57]} 17. Be1 {[%clk 1:17:01]} cxd4 {[%clk 0:52:57]}
18. Rxd4 {[%clk 1:14:48]} Rxd4 {[%clk 0:50:31]} 19. exd4 {[%clk 1:15:13]} Rd8
{[%clk 0:50:01]} 20. Bxb7 {[%clk 1:13:06]} Rxd4 {[%clk 0:50:06]} 21. Bd2 {[%clk
1:05:13]} Rd7 {[%clk 0:49:23]} 22. Bf3 {[%clk 1:05:09]} Kg7 {[%clk 0:45:51]}
23. Qc1 {[%clk 0:59:54]} h5 {[%clk 0:44:02]} 24. Bh6+ {[%clk 1:00:15]} Kh7
{[%clk 0:44:25]} 25. Bf4 {[%clk 0:52:57]} Re7 {[%clk 0:25:09]} 26. Bg5 {[%clk
0:51:36]} Re6 {[%clk 0:25:20]} 27. Ne2 {[%clk 0:49:38]} Ne4 {[%clk 0:24:28]}
28. Nd4 {[%clk 0:49:11]} Nxg5 {[%clk 0:21:55]} 29. Qxg5 {[%clk 0:49:25]} Be7
{[%clk 0:12:44]} 30. Qc1 {[%clk 0:49:33]} Bg5 {[%clk 0:12:30]} 31. Qf1 {[%clk
0:42:39]} Rd6 {[%clk 0:08:19]} 32. Nc6 {[%clk 0:42:12]} Qc5 {[%clk 0:08:26]}
33. Qb5 {[%clk 0:37:07]} Qc2 {[%clk 0:06:34]} 34. Ne5 {[%clk 0:36:32]} Qc7
{[%clk 0:02:55]} 35. a5 {[%clk 0:35:55]} Bf6 {[%clk 0:03:12]} 36. Nc6 {[%clk
0:30:56]} Nd7 {[%clk 0:02:20]} 37. Re1 {[%clk 0:30:28]} a6 {[%clk 0:01:42]} 38.
Qc4 {[%clk 0:28:33]} Kg7 {[%clk 0:01:50]} 39. Bd5 {[%clk 0:25:20]} Nf8 {[%clk
0:00:36]} 40. Re8 {[%clk 0:22:47]} Ne6 {[%clk 0:00:45]} 41. Ra8 {[%clk
0:19:55]} Rd7 {[%clk 0:25:08]} 42. Ra7 {[%clk 0:49:17]} Qd6 {[%clk 0:25:33]}
43. Rxd7 {[%clk 0:49:41]} Qxd7 {[%clk 0:26:01]} 44. Bxe6 {[%clk 0:49:45]} fxe6
{[%clk 0:25:18]} 45. Qxa6 {[%clk 0:49:33]} Qd1+ {[%clk 0:25:01]} 46. Kh2 {[%clk
0:49:46]} Qd6+ {[%clk 0:25:24]} 47. g3 {[%clk 0:46:21]} h4 {[%clk 0:25:35]} 48.
Qa7+ {[%clk 0:45:49]} Kh6 {[%clk 0:25:20]} 49. Qe3+ {[%clk 0:45:04]} Bg5 {[%clk
0:25:44]} 50. Qd4 {[%clk 0:40:50]} hxg3+ {[%clk 0:24:41]} 51. fxg3 {[%clk
0:41:10]} Qf8 {[%clk 0:25:04]} 52. h4 {[%clk 0:40:28]} Bf6 {[%clk 0:25:21]} 53.
Qe3+ {[%clk 0:40:53]} Kg7 {[%clk 0:25:39]} 54. a6 {[%clk 0:39:26]} 1-0

[Event "Deutsche Ländermeisterschaft 2016"]
[Site "Hannover GER"]
[Date "2016.10.05"]
[Round "7"]
[White "Nothnagel, Marian Can"]
[Black "Muckle, Julius"]
[Result "1-0"]
[Termination "normal"]
[Board "3.3"]
[WhiteElo "1991"]
[BlackElo "2196"]
[WhiteClock "00:05:12"]
[BlackClock "00:35:43"]
[WhiteTeam "Hessen"]
[BlackTeam "Rheinland-Pfalz"]
[PlyCount "115"]
[WhiteFideId "12921530"]
[BlackFideId "12942430"]
[EventCountry "GER"]
[EventRounds "7"]
[EventType "team-swiss"]
[EventDate "2016.09.30"]

1. e4 {[%clk 1:30:59]} e6 {[%clk 1:31:00]} 2. d4 {[%clk 1:31:23]} d5 {[%clk
1:31:30]} 3. Nc3 {[%clk 1:31:48]} Nf6 {[%clk 1:31:43]} 4. e5 {[%clk 1:32:13]}
Nfd7 {[%clk 1:32:08]} 5. f4 {[%clk 1:32:40]} c5 {[%clk 1:32:35]} 6. Nf3 {[%clk
1:33:07]} Nc6 {[%clk 1:32:56]} 7. Be3 {[%clk 1:33:32]} cxd4 {[%clk 1:29:05]} 8.
Nxd4 {[%clk 1:33:54]} Bc5 {[%clk 1:29:30]} 9. Qd2 {[%clk 1:29:49]} O-O {[%clk
1:27:30]} 10. O-O-O {[%clk 1:26:58]} a6 {[%clk 1:26:07]} 11. Kb1 {[%clk
1:25:01]} Qc7 {[%clk 1:23:40]} 12. g4 {[%clk 1:01:17]} b5 {[%clk 1:22:07]} 13.
Nxc6 {[%clk 1:00:01]} Qxc6 {[%clk 1:22:30]} 14. Bg2 {[%clk 1:00:26]} Nb6 {[%clk
1:21:30]} 15. Bxc5 {[%clk 0:59:56]} Qxc5 {[%clk 1:22:00]} 16. Qd4 {[%clk
1:00:17]} Qc7 {[%clk 1:18:30]} 17. Rhf1 {[%clk 0:56:15]} b4 {[%clk 1:17:19]}
18. Qxb4 {[%clk 0:51:27]} Rb8 {[%clk 1:08:16]} 19. Qd4 {[%clk 0:51:13]} Bd7
{[%clk 1:06:23]} 20. Rf2 {[%clk 0:43:36]} Rfc8 {[%clk 1:05:29]} 21. Rd3 {[%clk
0:42:36]} Nc4 {[%clk 1:00:52]} 22. Nd1 {[%clk 0:32:15]} Rb4 {[%clk 0:59:54]}
23. Ka1 {[%clk 0:16:25]} Na3 {[%clk 0:53:03]} 24. Qc3 {[%clk 0:16:22]} Rc4
{[%clk 0:53:18]} 25. Qxa3 {[%clk 0:16:25]} Rxc2 {[%clk 0:53:39]} 26. b4 {[%clk
0:15:52]} Ba4 {[%clk 0:48:58]} 27. Rxc2 {[%clk 0:12:09]} Qxc2 {[%clk 0:48:36]}
28. Bf3 {[%clk 0:11:53]} Qxh2 {[%clk 0:33:26]} 29. Rc3 {[%clk 0:12:16]} Rxc3
{[%clk 0:33:23]} 30. Qxc3 {[%clk 0:12:40]} h5 {[%clk 0:32:03]} 31. Qe3 {[%clk
0:05:06]} Qg3 {[%clk 0:29:35]} 32. Nc3 {[%clk 0:02:18]} hxg4 {[%clk 0:29:23]}
33. Nxa4 {[%clk 0:02:43]} Qxf3 {[%clk 0:28:58]} 34. Qc1 {[%clk 0:01:43]} g3
{[%clk 0:29:00]} 35. Qc8+ {[%clk 0:01:45]} Kh7 {[%clk 0:29:29]} 36. Qc2+ {[%clk
0:02:05]} Qe4 {[%clk 0:29:21]} 37. Qxe4+ {[%clk 0:02:30]} dxe4 {[%clk 0:29:38]}
38. Nc3 {[%clk 0:02:58]} f6 {[%clk 0:28:10]} 39. exf6 {[%clk 0:02:09]} g2
{[%clk 0:26:37]} 40. Ne2 {[%clk 0:02:30]} gxf6 {[%clk 0:25:21]} 41. a4 {[%clk
0:05:31]} Kg6 {[%clk 0:48:18]} 42. Kb2 {[%clk 0:04:05]} Kf5 {[%clk 0:41:41]}
43. b5 {[%clk 0:03:13]} axb5 {[%clk 0:41:29]} 44. axb5 {[%clk 0:03:39]} e5
{[%clk 0:41:02]} 45. b6 {[%clk 0:03:26]} exf4 {[%clk 0:41:20]} 46. b7 {[%clk
0:03:50]} f3 {[%clk 0:40:50]} 47. b8=Q {[%clk 0:04:15]} fxe2 {[%clk 0:39:09]}
48. Qg3 {[%clk 0:04:36]} e1=Q {[%clk 0:36:25]} 49. Qxe1 {[%clk 0:05:00]} Kg4
{[%clk 0:36:47]} 50. Qxe4+ {[%clk 0:04:18]} Kg3 {[%clk 0:36:52]} 51. Qe3+
{[%clk 0:04:20]} Kh2 {[%clk 0:37:04]} 52. Qf2 {[%clk 0:03:44]} f5 {[%clk
0:35:17]} 53. Kc3 {[%clk 0:04:01]} Kh1 {[%clk 0:34:14]} 54. Qh4+ {[%clk
0:04:27]} Kg1 {[%clk 0:34:37]} 55. Kd2 {[%clk 0:04:42]} f4 {[%clk 0:35:00]} 56.
Ke2 {[%clk 0:04:47]} f3+ {[%clk 0:35:23]} 57. Kxf3 {[%clk 0:05:12]} Kf1 {[%clk
0:35:43]} 58. Qf2# 1-0

[Event "Deutsche Ländermeisterschaft 2016"]
[Site "Hannover GER"]
[Date "2016.10.05"]
[Round "7"]
[White "Karsay, Pascal"]
[Black "Stork, Oliver"]
[Result "1-0"]
[Termination "normal"]
[Board "3.4"]
[WhiteElo "2085"]
[BlackElo "2056"]
[WhiteClock "00:13:21"]
[BlackClock "00:08:04"]
[WhiteTeam "Rheinland-Pfalz"]
[BlackTeam "Hessen"]
[PlyCount "130"]
[WhiteFideId "12953474"]
[BlackFideId "12955728"]
[EventCountry "GER"]
[EventRounds "7"]
[EventType "team-swiss"]
[EventDate "2016.09.30"]

1. e4 {[%clk 1:30:58]} c6 {[%clk 1:30:51]} 2. d4 {[%clk 1:31:25]} d5 {[%clk
1:31:16]} 3. exd5 {[%clk 1:31:51]} cxd5 {[%clk 1:31:40]} 4. c4 {[%clk 1:32:17]}
Nf6 {[%clk 1:31:50]} 5. Nc3 {[%clk 1:32:40]} e6 {[%clk 1:31:48]} 6. Nf3 {[%clk
1:33:02]} Be7 {[%clk 1:31:27]} 7. cxd5 {[%clk 1:33:00]} Nxd5 {[%clk 1:29:48]}
8. Bd3 {[%clk 1:33:15]} Nc6 {[%clk 1:29:10]} 9. O-O {[%clk 1:32:45]} O-O {[%clk
1:22:25]} 10. a3 {[%clk 1:32:59]} Nf6 {[%clk 1:07:18]} 11. Bg5 {[%clk 1:24:28]}
b6 {[%clk 1:01:20]} 12. Bc2 {[%clk 1:14:37]} Ba6 {[%clk 0:53:15]} 13. Re1
{[%clk 1:14:49]} Rc8 {[%clk 0:50:38]} 14. Rc1 {[%clk 0:44:50]} g6 {[%clk
0:26:58]} 15. Bb3 {[%clk 0:28:46]} Na5 {[%clk 0:21:21]} 16. Ba2 {[%clk
0:26:29]} Bc4 {[%clk 0:13:30]} 17. b3 {[%clk 0:25:00]} Bd5 {[%clk 0:10:52]} 18.
Ne5 {[%clk 0:11:06]} Rc7 {[%clk 0:04:57]} 19. Nxd5 {[%clk 0:07:01]} Nxd5 {[%clk
0:04:39]} 20. Bh6 {[%clk 0:06:52]} Re8 {[%clk 0:03:57]} 21. b4 {[%clk 0:06:30]}
Nb7 {[%clk 0:02:54]} 22. Qf3 {[%clk 0:06:18]} Nd6 {[%clk 0:00:57]} 23. Bxd5
{[%clk 0:04:15]} Rxc1 {[%clk 0:00:57]} 24. Rxc1 {[%clk 0:04:34]} exd5 {[%clk
0:01:23]} 25. Qxd5 {[%clk 0:04:32]} Bf6 {[%clk 0:00:54]} 26. g3 {[%clk
0:02:27]} Bxe5 {[%clk 0:00:52]} 27. dxe5 {[%clk 0:02:52]} Nf5 {[%clk 0:00:51]}
28. Qxd8 {[%clk 0:03:17]} Rxd8 {[%clk 0:01:16]} 29. Bg5 {[%clk 0:03:41]} Re8
{[%clk 0:00:58]} 30. Bf6 {[%clk 0:03:57]} Nd4 {[%clk 0:00:48]} 31. Rd1 {[%clk
0:03:39]} Nc6 {[%clk 0:00:39]} 32. f4 {[%clk 0:03:06]} h6 {[%clk 0:00:41]} 33.
Rd7 {[%clk 0:02:42]} g5 {[%clk 0:00:44]} 34. Kf2 {[%clk 0:01:28]} gxf4 {[%clk
0:00:47]} 35. gxf4 {[%clk 0:01:53]} b5 {[%clk 0:00:51]} 36. Ke3 {[%clk
0:02:00]} a5 {[%clk 0:01:07]} 37. bxa5 {[%clk 0:00:53]} Nxa5 {[%clk 0:01:31]}
38. Kd4 {[%clk 0:00:54]} Nc4 {[%clk 0:01:23]} 39. Ra7 {[%clk 0:00:47]} Nd2
{[%clk 0:00:47]} 40. Kc5 {[%clk 0:00:38]} Rb8 {[%clk 0:00:35]} 41. Kb4 {[%clk
0:29:55]} Nf3 {[%clk 0:27:46]} 42. h4 {[%clk 0:26:45]} Nd4 {[%clk 0:20:23]} 43.
Rd7 {[%clk 0:26:31]} Nc2+ {[%clk 0:18:42]} 44. Kb3 {[%clk 0:26:50]} Ne3 {[%clk
0:18:58]} 45. Rd3 {[%clk 0:25:10]} Nf5 {[%clk 0:14:50]} 46. Kb4 {[%clk
0:19:20]} h5 {[%clk 0:10:23]} 47. Rd8+ {[%clk 0:18:04]} Rxd8 {[%clk 0:10:48]}
48. Bxd8 {[%clk 0:18:29]} Nd4 {[%clk 0:10:21]} 49. Bb6 {[%clk 0:18:15]} Nc2+
{[%clk 0:09:59]} 50. Kb3 {[%clk 0:18:37]} Ne1 {[%clk 0:10:18]} 51. Bc5 {[%clk
0:16:58]} Nd3 {[%clk 0:08:42]} 52. Be3 {[%clk 0:17:18]} Kh7 {[%clk 0:07:43]}
53. Kc3 {[%clk 0:13:21]} Ne1 {[%clk 0:08:04]} 54. B

[Event "Deutsche Ländermeisterschaft 2016"]
[Site "Hannover GER"]
[Date "2016.10.05"]
[Round "7"]
[White "Krastev, Alexander"]
[Black "Musiolik, David"]
[Result "0-1"]
[Termination "normal"]
[Board "3.5"]
[WhiteElo "1937"]
[BlackElo "1771"]
[WhiteClock "00:49:20"]
[BlackClock "00:04:56"]
[WhiteTeam "Hessen"]
[BlackTeam "Rheinland-Pfalz"]
[PlyCount "66"]
[WhiteFideId "12989983"]
[BlackFideId "12972355"]
[EventCountry "GER"]
[EventRounds "7"]
[EventType "team-swiss"]
[EventDate "2016.09.30"]

1. e4 {[%clk 1:30:56]} e6 {[%clk 1:30:19]} 2. Nf3 {[%clk 1:31:15]} d5 {[%clk
1:29:51]} 3. Nc3 {[%clk 1:31:39]} Nf6 {[%clk 1:28:19]} 4. e5 {[%clk 1:32:01]}
Nfd7 {[%clk 1:27:31]} 5. d4 {[%clk 1:32:25]} c5 {[%clk 1:26:09]} 6. dxc5 {[%clk
1:32:39]} Nc6 {[%clk 1:24:38]} 7. Bf4 {[%clk 1:32:58]} Bxc5 {[%clk 1:23:15]} 8.
Bd3 {[%clk 1:33:22]} f6 {[%clk 1:18:44]} 9. exf6 {[%clk 1:33:45]} Nxf6 {[%clk
1:18:06]} 10. O-O {[%clk 1:34:07]} O-O {[%clk 1:17:00]} 11. Ne5 {[%clk
1:34:24]} Bd7 {[%clk 1:09:36]} 12. Qe2 {[%clk 1:33:54]} Qe7 {[%clk 1:08:00]}
13. Rae1 {[%clk 1:33:10]} Rae8 {[%clk 1:07:40]} 14. Bg3 {[%clk 1:32:35]} a6
{[%clk 1:03:50]} 15. a3 {[%clk 1:32:58]} Bd4 {[%clk 0:55:06]} 16. Nd1 {[%clk
1:30:13]} b5 {[%clk 0:35:16]} 17. Kh1 {[%clk 1:23:33]} Qc5 {[%clk 0:23:06]} 18.
c3 {[%clk 1:20:23]} Bxe5 {[%clk 0:22:29]} 19. Bxe5 {[%clk 1:20:45]} Nxe5 {[%clk
0:21:51]} 20. Qxe5 {[%clk 1:21:01]} a5 {[%clk 0:21:40]} 21. f4 {[%clk 1:18:31]}
b4 {[%clk 0:21:00]} 22. axb4 {[%clk 1:18:25]} axb4 {[%clk 0:21:23]} 23. Qd4
{[%clk 1:10:10]} Qd6 {[%clk 0:17:28]} 24. c4 {[%clk 0:58:11]} Rc8 {[%clk
0:13:42]} 25. b3 Qc5 {[%clk 0:10:32]} 26. Qxc5 {[%clk 0:52:47]} Rxc5 {[%clk
0:11:01]} 27. Ne3 {[%clk 0:53:01]} dxc4 {[%clk 0:07:11]} 28. Bxc4 {[%clk
0:53:18]} Nd5 {[%clk 0:05:50]} 29. Bxd5 {[%clk 0:51:04]} exd5 {[%clk 0:06:03]}
30. Rd1 {[%clk 0:51:29]} Bb5 {[%clk 0:05:04]} 31. Rf2 {[%clk 0:50:04]} Re8
{[%clk 0:05:20]} 32. Nf5 {[%clk 0:49:24]} Rc3 {[%clk 0:04:41]} 33. Nd4 {[%clk
0:49:20]} Rd3 {[%clk 0:04:56]} 0-1

[Event "Deutsche Ländermeisterschaft 2016"]
[Site "Hannover GER"]
[Date "2016.10.05"]
[Round "7"]
[White "Morio, Estelle"]
[Black "Reinecke, Katharina"]
[Result "1/2-1/2"]
[Termination "normal"]
[Board "3.6"]
[WhiteElo "1820"]
[BlackElo "1816"]
[WhiteClock "00:02:40"]
[BlackClock "00:13:43"]
[WhiteTeam "Rheinland-Pfalz"]
[BlackTeam "Hessen"]
[PlyCount "120"]
[WhiteFideId "12951951"]
[BlackFideId "12929727"]
[EventCountry "GER"]
[EventRounds "7"]
[EventType "team-swiss"]
[EventDate "2016.09.30"]

1. f4 {[%clk 1:30:58]} Nh6 {[%clk 1:30:54]} 2. Nf3 {[%clk 1:29:48]} g6 {[%clk
1:28:39]} 3. g3 {[%clk 1:28:33]} d5 {[%clk 1:26:59]} 4. e3 {[%clk 1:28:32]} Bg7
{[%clk 1:25:49]} 5. d3 {[%clk 1:28:02]} Bg4 {[%clk 1:24:52]} 6. Bg2 {[%clk
1:27:47]} Nf5 {[%clk 1:22:56]} 7. c3 {[%clk 1:25:22]} c6 {[%clk 1:20:39]} 8.
O-O {[%clk 1:24:21]} Qb6 {[%clk 1:14:40]} 9. Qe1 {[%clk 1:22:19]} Bxf3 {[%clk
1:09:39]} 10. Bxf3 {[%clk 1:21:40]} h5 {[%clk 1:08:29]} 11. d4 {[%clk 1:12:11]}
e6 {[%clk 1:01:18]} 12. Nd2 {[%clk 1:10:20]} Nd7 {[%clk 0:59:42]} 13. Nb3
{[%clk 1:06:47]} O-O {[%clk 0:55:24]} 14. e4 {[%clk 0:50:28]} dxe4 {[%clk
0:52:20]} 15. Bxe4 {[%clk 0:50:18]} a5 {[%clk 0:50:09]} 16. Kh1 {[%clk
0:45:59]} a4 {[%clk 0:45:25]} 17. Nd2 {[%clk 0:45:52]} Nf6 {[%clk 0:43:44]} 18.
Bg2 {[%clk 0:42:59]} Nd5 {[%clk 0:39:41]} 19. Nc4 {[%clk 0:39:53]} Qc7 {[%clk
0:39:06]} 20. a3 {[%clk 0:34:05]} Rfd8 {[%clk 0:36:38]} 21. Ne5 {[%clk
0:32:15]} Rac8 {[%clk 0:29:23]} 22. Bd2 {[%clk 0:25:45]} b5 {[%clk 0:24:26]}
23. Rd1 {[%clk 0:21:47]} Rd6 {[%clk 0:21:57]} 24. Qe2 {[%clk 0:18:17]} Rcd8
{[%clk 0:20:15]} 25. Qf2 {[%clk 0:13:20]} Rc8 {[%clk 0:15:21]} 26. Rfe1 {[%clk
0:11:12]} Rdd8 {[%clk 0:11:57]} 27. Bc1 {[%clk 0:06:27]} Bf8 {[%clk 0:11:53]}
28. Qe2 {[%clk 0:06:33]} Rb8 {[%clk 0:09:47]} 29. Nf3 {[%clk 0:05:36]} c5
{[%clk 0:08:35]} 30. Rd3 {[%clk 0:04:30]} Bg7 {[%clk 0:07:57]} 31. dxc5 {[%clk
0:04:10]} Qxc5 {[%clk 0:07:31]} 32. Ne5 {[%clk 0:04:23]} Nde7 {[%clk 0:02:32]}
33. Red1 {[%clk 0:03:39]} Nd5 {[%clk 0:02:04]} 34. Nxg6 {[%clk 0:01:48]} fxg6
{[%clk 0:01:17]} 35. Qxe6+ {[%clk 0:02:14]} Kh7 {[%clk 0:01:27]} 36. Rxd5
{[%clk 0:01:48]} Rxd5 {[%clk 0:01:06]} 37. Qxd5 {[%clk 0:02:07]} Qf2 {[%clk
0:00:39]} 38. Qd2 {[%clk 0:02:15]} Qb6 {[%clk 0:00:34]} 39. Qe2 {[%clk
0:01:50]} Rd8 {[%clk 0:00:36]} 40. Rxd8 {[%clk 0:01:20]} Qxd8 {[%clk 0:01:03]}
41. Qxb5 {[%clk 0:28:14]} h4 {[%clk 0:30:35]} 42. g4 {[%clk 0:24:39]} h3 {[%clk
0:24:20]} 43. Bxh3 {[%clk 0:16:08]} Nh4 {[%clk 0:24:08]} 44. Bg2 {[%clk
0:12:36]} Nxg2 {[%clk 0:22:09]} 45. Kxg2 {[%clk 0:13:00]} Qd1 {[%clk 0:22:02]}
46. Qf1 {[%clk 0:11:49]} Qxg4+ {[%clk 0:22:02]} 47. Kh1 {[%clk 0:11:54]} Qf5
{[%clk 0:20:25]} 48. Qe2 {[%clk 0:07:51]} Qb1 {[%clk 0:17:49]} 49. Qe1 {[%clk
0:06:06]} Bh6 {[%clk 0:16:17]} 50. Qe7+ {[%clk 0:06:23]} Kg8 {[%clk 0:16:04]}
51. Qe6+ {[%clk 0:05:15]} Kh8 {[%clk 0:15:19]} 52. Qe3 {[%clk 0:05:05]} Qf5
{[%clk 0:14:31]} 53. Qd4+ {[%clk 0:03:39]} Kh7 {[%clk 0:14:34]} 54. Qxa4 {[%clk
0:03:06]} Qb1 {[%clk 0:14:08]} 55. Qa7+ {[%clk 0:03:29]} Kg8 {[%clk 0:13:53]}
56. Qe3 {[%clk 0:03:34]} Qf5 {[%clk 0:13:28]} 57. Qe8+ {[%clk 0:02:19]} Kh7
{[%clk 0:13:36]} 58. Qe7+ {[%clk 0:02:33]} Kg8 {[%clk 0:13:44]} 59. Qd8+ {[%clk
0:02:34]} Kh7 {[%clk 0:13:50]} 60. Qd4 {[%clk 0:02:40]} Qb1 {[%clk 0:13:43]}
1/2-1/2

[Event "Deutsche Ländermeisterschaft 2016"]
[Site "Hannover GER"]
[Date "2016.10.05"]
[Round "7"]
[White "Poetsch, Leonore"]
[Black "Reitz, Theresa"]
[Result "1-0"]
[Termination "normal"]
[Board "3.7"]
[WhiteElo "1801"]
[BlackElo "1815"]
[WhiteClock "00:21:34"]
[BlackClock "00:00:46"]
[WhiteTeam "Hessen"]
[BlackTeam "Rheinland-Pfalz"]
[PlyCount "71"]
[WhiteFideId "12940372"]
[BlackFideId "12971901"]
[EventCountry "GER"]
[EventRounds "7"]
[EventType "team-swiss"]
[EventDate "2016.09.30"]

1. e4 {[%clk 1:30:57]} c5 {[%clk 1:30:55]} 2. c3 {[%clk 1:31:21]} e6 {[%clk
1:30:46]} 3. d4 {[%clk 1:31:42]} d5 {[%clk 1:29:34]} 4. e5 {[%clk 1:31:51]} Qb6
{[%clk 1:28:58]} 5. Nf3 {[%clk 1:31:57]} Nc6 {[%clk 1:28:32]} 6. Bd3 {[%clk
1:30:50]} Bd7 {[%clk 1:27:57]} 7. O-O {[%clk 1:31:06]} cxd4 {[%clk 1:20:57]} 8.
cxd4 {[%clk 1:31:31]} Nxd4 {[%clk 1:15:09]} 9. Nxd4 {[%clk 1:31:56]} Qxd4
{[%clk 1:15:30]} 10. Nc3 {[%clk 1:31:57]} Qb6 {[%clk 1:11:16]} 11. Qe2 {[%clk
1:28:17]} a6 {[%clk 1:06:34]} 12. Kh1 {[%clk 1:27:24]} Bc5 {[%clk 1:04:45]} 13.
f4 {[%clk 1:26:00]} Ne7 {[%clk 1:02:27]} 14. Qh5 {[%clk 1:23:11]} g6 {[%clk
0:51:40]} 15. Qh6 {[%clk 1:20:12]} O-O-O {[%clk 0:44:12]} 16. b3 {[%clk
1:10:29]} Nf5 {[%clk 0:41:15]} 17. Qh3 {[%clk 1:09:10]} Bc6 {[%clk 0:38:42]}
18. Bd2 {[%clk 1:06:55]} h5 {[%clk 0:35:30]} 19. Rfc1 {[%clk 1:01:52]} Qa7
{[%clk 0:27:14]} 20. Na4 {[%clk 0:59:30]} Bd4 {[%clk 0:24:00]} 21. Rab1 {[%clk
0:57:51]} h4 {[%clk 0:24:09]} 22. Bxf5 {[%clk 0:56:58]} gxf5 {[%clk 0:23:54]}
23. Bb4 {[%clk 0:51:40]} Kd7 {[%clk 0:19:35]} 24. Bc5 {[%clk 0:50:45]} Bxc5
{[%clk 0:20:00]} 25. Nxc5+ {[%clk 0:51:10]} Ke7 {[%clk 0:19:43]} 26. b4 {[%clk
0:49:43]} Rdg8 {[%clk 0:18:31]} 27. Rb2 {[%clk 0:47:35]} Qa8 {[%clk 0:17:25]}
28. Qa3 {[%clk 0:42:58]} Bb5 {[%clk 0:15:47]} 29. Rbc2 {[%clk 0:35:07]} Bc4
{[%clk 0:11:50]} 30. b5 {[%clk 0:33:43]} Ke8 {[%clk 0:04:50]} 31. bxa6 {[%clk
0:28:20]} bxa6 {[%clk 0:04:18]} 32. Rb1 {[%clk 0:24:00]} Qd8 {[%clk 0:00:51]}
33. Nb7 {[%clk 0:22:39]} Qd7 {[%clk 0:00:55]} 34. Nd6+ {[%clk 0:22:31]} Kd8
{[%clk 0:00:40]} 35. Rb8+ {[%clk 0:22:02]} Kc7 {[%clk 0:00:46]} 36. Rb7+ {[%clk
0:21:34]} 1-0

[Event "Deutsche Ländermeisterschaft 2016"]
[Site "Hannover GER"]
[Date "2016.10.05"]
[Round "7"]
[White "Bohrer, Katharina"]
[Black "Bayer, Melissa"]
[Result "1/2-1/2"]
[Termination "normal"]
[Board "3.8"]
[WhiteElo "1110"]
[BlackElo "1518"]
[WhiteClock "00:19:46"]
[BlackClock "00:33:03"]
[WhiteTeam "Rheinland-Pfalz"]
[BlackTeam "Hessen"]
[PlyCount "53"]
[WhiteFideId "16225457"]
[BlackFideId "16206916"]
[EventCountry "GER"]
[EventRounds "7"]
[EventType "team-swiss"]
[EventDate "2016.09.30"]

1. d4 {[%clk 1:30:58]} d5 {[%clk 1:30:41]} 2. Nf3 {[%clk 1:31:24]} Nc6 {[%clk
1:30:09]} 3. e3 {[%clk 1:31:39]} g6 {[%clk 1:29:12]} 4. Bd3 {[%clk 1:31:34]}
Nf6 {[%clk 1:28:55]} 5. Nbd2 {[%clk 1:31:49]} Bg7 {[%clk 1:28:39]} 6. O-O
{[%clk 1:32:01]} O-O {[%clk 1:28:44]} 7. c3 {[%clk 1:31:06]} Re8 {[%clk
1:27:36]} 8. Re1 {[%clk 1:30:36]} b6 {[%clk 1:26:33]} 9. e4 {[%clk 1:29:39]} e6
{[%clk 1:24:26]} 10. Qe2 {[%clk 1:26:21]} Bb7 {[%clk 1:23:20]} 11. e5 {[%clk
1:19:48]} Nd7 {[%clk 1:22:48]} 12. Nf1 {[%clk 1:18:32]} f6 {[%clk 1:22:22]} 13.
exf6 {[%clk 1:17:30]} Nxf6 {[%clk 1:21:10]} 14. Qc2 {[%clk 1:11:52]} Qd7 {[%clk
1:17:26]} 15. Ng5 {[%clk 1:06:01]} Re7 {[%clk 0:59:32]} 16. Ng3 {[%clk
1:03:31]} Nd8 {[%clk 0:52:41]} 17. h4 {[%clk 1:02:19]} Nf7 {[%clk 0:51:48]} 18.
h5 {[%clk 1:00:37]} Nxg5 {[%clk 0:47:43]} 19. Bxg5 {[%clk 1:00:34]} h6 {[%clk
0:47:15]} 20. Bxf6 {[%clk 0:56:44]} Bxf6 {[%clk 0:46:39]} 21. Bxg6 {[%clk
0:56:11]} Bg5 {[%clk 0:41:23]} 22. Re2 {[%clk 0:52:14]} Rf8 {[%clk 0:40:17]}
23. Rae1 {[%clk 0:47:15]} Qd6 {[%clk 0:39:00]} 24. Qa4 {[%clk 0:28:33]} a6
{[%clk 0:36:28]} 25. Bb1 {[%clk 0:26:33]} c5 {[%clk 0:32:48]} 26. Qc2 {[%clk
0:25:37]} Rf6 {[%clk 0:33:03]} 27. a3 {[%clk 0:19:46]} 1/2-1/2